02953nam a2200505Ia 45000010005000000080041000050100009000460410014000550820033000692450267001022600021003693000008003905200006003986300026004046500016004306900016004467000033004627000049004959010058005449020006006029030041006089040015006499050020006649060006006849070023006909080040007139090051007539100015008049110010008199120014008299130009008439140026008529150009008789160009008879170009008969180014009059190011009195201458009309210007023889220007023959230006024029240014024089420010024229990015024321418241029s9999 xx 000 0 und d a1320 aEspañol aCURSA â€" T- EDUC 000420 0aNivel de Compresión Lectora en Textos Narrativos que Presentan los/as Alumnos/as, del Primer Año del Segundo Ciclo del Nivel Básico en las Escuelas Públicas Urbanas de Bonao Año 2007-2008 y Exploración de Factores que Pueden Incidir en la Situación aMonseñor Nouel a116 a5 aComprensión Lectora aAprendizaje aSintetizado easesoraDe los Santos, Julio eautoraGarcía Santiago, Rosanny Altagracia a{"1":"García Santiago"}b{"1":"Rosanny Altagracia"} a1 a{"1":"De los Santos"}b{"1":"Julio"} aMaestro en aLingüística a1 acon Aplicación a aEnseñanza de la Lengua Española aUniversidad Autónoma de Santo Domingo (UASD) aNULLbNULL a["1"] aNO APLICA aNULL a02 de Octubre de 2006 aNULL aNULL aNULL aNO APLICA a["43"] aEl objetivo general del estudio consistió en verificar el nivel de comprensión lectora de textos narrativos que presentan los estudiantes de quinto curso de las escuelas públicas urbanas de Bonao del año escolar 2007 ? 2008 y adicionalmente explorar sobre los factores importantes relativos a los discentes Y docentes que pudieran estar incidiendo en la situación.El estudio tuvo carácter descriptivo y transversal, se utilizó una muestra aleatoria de 274 discentes de la siete escuelas públicas urbanas de Bonao, donde se impartía el Nivel Básico en este momento, en caso de los docentes se prefirió usar el censo, pues su cantidad es 21 en total.Entre los hallazgos más sobresaliente del estudio puede citarse el hecho de que los discentes de quinto curso de las escuelas públicas de Bonao, todavía poseen marcadas deficiencias en la compresión lectora de textos narrativos, siendo el nivel de deficiencia mucho más marcado, cuando se les demanda un nivel cognitivo que vaya mas allá del manejo de las informaciones explicita en el texto.En lo referente a la practica educativa de los docentes, la mayoría de ellos afirma enfatizar en el enfoque funcional y comunicativo al momento de orientar el proceso aprendizaje de la compresión lectora sin embargo, en gran parte de sus respuestas dan muestra de incoherencia y claros indicios de que en sentido general sus afirmaciones no representan la verdadera realidad. a11 a11 a0 aNO APLICA cTesis c1320d1320